Mahasati maina sundari / (Record no. 46355)

MARC details
000 -LEADER
fixed length control field 01249njm a22003017a 4500
005 - DATE AND TIME OF LATEST TRANSACTION
control field 20100917105932.0
006 - FIXED-LENGTH DATA ELEMENTS--ADDITIONAL MATERIAL CHARACTERISTICS--GENERAL INFORMATION
fixed length control field a|||||r|||||00| 0
007 - PHYSICAL DESCRIPTION FIXED FIELD--GENERAL INFORMATION
fixed length control field sd ammalaaahaa
008 - FIXED-LENGTH DATA ELEMENTS--GENERAL INFORMATION
fixed length control field 100901t xxu||||| |||| 00| 0 eng d
028 ## - PUBLISHER NUMBER
Publisher number 2418-5032
Source INRECO
035 ## - SYSTEM CONTROL NUMBER
System control number GR-03107
040 ## - CATALOGING SOURCE
Original cataloging agency SED
Transcribing agency SED
100 ## - MAIN ENTRY--PERSONAL NAME
Personal name Patel, Anjana
9 (RLIN) 17891
245 ## - TITLE STATEMENT
Title Mahasati maina sundari /
Statement of responsibility, etc by Anjana Patel; music by P. Sumanchandra; lyric by Jain [and] Dinesh Salgia
Medium [Sound recording]
246 ## - VARYING FORM OF TITLE
Title proper/short title महासती मैना सुंदरी / अंजना पटेल द्वारा
260 ## - PUBLICATION, DISTRIBUTION, ETC. (IMPRINT)
Place of publication, distribution, etc Dum Dum, India
Name of publisher, distributor, etc INRECO
Date of publication, distribution, etc 1978
300 ## - PHYSICAL DESCRIPTION
Extent 1 Sound disc [Gramophone Recording] :
Other physical details analog, 33 1/3 rpm
Dimensions 12 in. (LP)
Type of unit Gramophone Record
500 ## - GENERAL NOTE
General note Brief record
500 ## - GENERAL NOTE
General note Record Labels : INRECO, White
505 ## - FORMATTED CONTENTS NOTE
Formatted contents note Side-1 (Teerth karne chali sati) (Anjana Patel) --Side-2 (Dukh se nahi ghabharao mere sati) (Manna Dey)
600 ## - SUBJECT ADDED ENTRY--PERSONAL NAME
Personal name Patel, Anjana
9 (RLIN) 19718
650 ## - SUBJECT ADDED ENTRY--TOPICAL TERM
Topical term or geographic name as entry element Film songs
General subdivision Excerpts
Geographic subdivision India
9 (RLIN) 17892
700 ## - ADDED ENTRY--PERSONAL NAME
Personal name P. Sumanchandra
9 (RLIN) 20083
700 ## - ADDED ENTRY--PERSONAL NAME
Personal name Jain
9 (RLIN) 20095
700 ## - ADDED ENTRY--PERSONAL NAME
Personal name Salgia, Dinesh
9 (RLIN) 20094
942 ## - ADDED ENTRY ELEMENTS (KOHA)
Source of classification or shelving scheme Dewey Decimal Classification
Item type Gramaphone Records
Holdings
Withdrawn status Lost status Source of classification or shelving scheme Damaged status Not for loan Collection code Home library Current library Date acquired Source of acquisition Total Checkouts Barcode Date last seen Copy number Price effective from Koha item type
    Dewey Decimal Classification   Not For Loan Non-fiction Central Library Central Library 17/09/2010 SED/VEN   GR-03107 17/09/2010 1 17/09/2010 Gramaphone Records

© Delhi Public Library
Hit Counter
free hit counter